MDQL
is popping MORE tags! Check the
thread
!
Quizzes
Events
Quiz Creation
Community
Videos
Private Events
Remove Ads
Sign In
Join for FREE
Feedback
Dark Mode
Quiz Categories
Sports
Geography
Music
Movies
Television
Just For Fun
Miscellaneous
History
Literature
Language
Science
Gaming
Entertainment
Religion
Holiday
For Kids
Quiz Lab
Recent
Popular Today
Quiz Kudos Today
Editor Picks
Curator Picks
Quizzes by...
Day
Popularity
Type
Ratings
Length
Year
Community
Subscriptions
Recent Discussions
Orange Saloon
Badges
Playlists
Quests
Create
Leaderboards
Showdown
Live 5
Trivia Bingo
Activity
Puzzle Library
Sporcle Events
Private Events
Virtual Trivia
Globe League
Become a Host
Pub Owners
SporcleCon
Opinionation
Our Games
Videos
Blog
Mobile Apps
Partnerships
Remove Ads and Go Orange
Feedback
Sports
Athletes
MLB
NBA
NHL
NFL
Soccer
Sports Teams
WWE
NCAA
Football
Premier League
Basketball
Baseball
Hockey
Golf
Tennis
Cricket
Rugby
Auto Racing
Olympics
World Cup
Sports
Athletes
MLB
NBA
NHL
NFL
Soccer
Sports Teams
WWE
NCAA
Football
Premier League
Basketball
Baseball
Hockey
Golf
Tennis
Cricket
Rugby
Auto Racing
Olympics
World Cup
Random Quiz
Search Sporcle
×
Quiz Lab
Quiz Lab
Sports
Walking
Type in answers that appear in a list
Type in answers that appear in a list
Classic
Best Score? Go Orange.
IAAF World Champions (Multi-events and walks) Stats
Can you name the IAAF World Champions (Multi-events and walks)?
By
mrboneman
5m
69 Questions
29 Plays
29 Plays
29 Plays
Comments
Comments
Give Quiz Kudos
Give Quiz Kudos
-
- Ratings
hide this ad
More Info
Replay
Link that replays current quiz
Next Quiz
Link to next quiz in quiz playlist
You Got
0%
They Got
Avg Score
36%
Avg Friend Score
Upgrade to see
Score Distribution
Jump to the score distribution portion of the page
Score
0/69
Timer
05:00
0
Plays Today
Name
% Correct
Ashton Eaton
86.2%
Roman Šebrle
75.9%
Carolina Klüft
75.9%
Carolina Klüft
75.9%
Carolina Klüft
75.9%
Daley Thompson
72.4%
Tomáš Dvořák
72.4%
Tomáš Dvořák
72.4%
Tomáš Dvořák
72.4%
Dan O'Brien
69%
Dan O'Brien
69%
Dan O'Brien
69%
Bryan Clay
69%
Jackie Joyner-Kersee
69%
Jackie Joyner-Kersee
69%
Jessica Ennis
69%
Trey Hardee
62.1%
Trey Hardee
62.1%
Ghada Shouaa
44.8%
Eunice Barber
44.8%
Robert Korzeniowski
41.4%
Robert Korzeniowski
41.4%
Robert Korzeniowski
41.4%
Robert Heffernan
41.4%
Tatyana Chernova
37.9%
Tom Pappas
34.5%
Aleksandr Ivanov
34.5%
Sergey Kirdyapkin
34.5%
Sergey Kirdyapkin
34.5%
Sergey Kirdyapkin
34.5%
Sabine Braun
31%
Sabine Braun
31%
Jefferson Pérez
31%
Jefferson Pérez
31%
Jefferson Pérez
31%
Name
% Correct
Alina Ivanova
31%
Olimpiada Ivanova
31%
Olimpiada Ivanova
31%
Torsten Voss
27.6%
Hanna Melnychenko
27.6%
Daniel García
27.6%
Sari Essayah
27.6%
Elena Lashmanova
27.6%
Hartwig Gauder
27.6%
Jesús Ángel García
27.6%
Valetin Kononen
27.6%
Maurizio Damilano
20.7%
Maurizio Damilano
20.7%
Annarita Sidoti
20.7%
Aleksandr Potashov
17.2%
Ivano Brugnetti
17.2%
Nathan Deakes
17.2%
Yelena Prokhorova
13.8%
Valentí Massana
13.8%
Valeriy Borchin
13.8%
Valeriy Borchin
13.8%
Olga Kaniskina
13.8%
Olga Kaniskina
13.8%
Olga Kaniskina
13.8%
Ernest Canto
10.3%
Ramona Neubert
6.9%
Ilya Markov
6.9%
Yelena Nikolayeva
6.9%
Ronald Weigel
6.9%
Michele Didoni
3.4%
Roman Rasskazov
3.4%
Irina Strakhova
3.4%
Irina Stankina
3.4%
Liu Hongyu
3.4%
Quiz Playlist
Details
Report
Send in Message
Add To Playlist
More Info:
Note: There was no women's walk in 1983.
Classic:
Type in answers that appear in a list
Last Updated: Feb 16, 2017
Quiz Scoreboard
CHALLENGE
Sign Up to Join the Scoreboard
Show All
Scores
Hide
Comments
May contain spoilers
Recently Published
Find the 'City' Movie
by crazypaving
Movies
60s
5x2 Blitz: Bands
by SL_Kpop136
Music
30s
Colored Red Africa Blitz
by spor1
Geography
30s
More to Explore
Quiz From the Vault
Featured Blog Post
14 Easter Pick-up Lines to Find Eggs With
hide this ad
You Might Also Like...
Tags
decathlon
IAAF World
Walking
World Championships
Today's Top Quizzes in Sports
Browse Sports
hide this ad
Today's Top Quizzes in Walking
Browse Walking
Top Contributed Quizzes in Sports
1
Les entraîneurs de l'OM et du PSG au 21e siècle
2
Les meilleurs buteurs des matchs entre le PSG et l’OM
3
Les joueurs passés par le PSG et l'OM
4
Players with Multiple 50 Home Run Seasons
5
2022 World Cup Stars
6
Criteria MLB: Left Handed Sluggers
7
NBA Logic Puzzle 2.0
8
MLB Players with Two .350 Batting Average Seasons
9
Top 10 NHL Goal Scorers of All Time
10
Les joueurs passés par le LOSC et le RC Lens
Explore More
Trending Topics
Harry Potter
Anime
Disney
NBA
Marvel
Kpop
Crossword
WWE
Country
Song
Pokémon
Puzzle
Soccer
The Office
NFL
hide this ad
More By:
mrboneman
Quiz
Plays
Rating
Category
Featured
Created
The Stars of Vexillology (Multiple Stars)
270
4.75
Geography
Feb 23, 2015
The Stars of Vexillology II (Single Stars)
145
5.00
Geography
Mar 1, 2015
Racewalking Champions
122
Sports
Feb 2, 2012
Discontinued Athletics Events
71
4.00
Sports
Jun 5, 2012
Racewalking Champions (female)
48
Sports
Feb 2, 2012
Go to Creator's Profile
Score Distribution
Quiz Creator Spotlight
mrboneman
Follow
Send a Message
Quizzes Created
-
Created Quiz Play Count
-
More By This Creator
Popular Quizzes Today
1
Colored Red Africa Blitz
2
Find the 'City' Movie
3
Find the US States - No Outlines Minefield
4
5x2 Blitz: Bands
5
The Countries of the World
6
Find the US States
7
US States
8
Find the Countries of Europe - No Outlines Minefield
More Sports Quizzes
Premier League 2021/2 Opening Day XIs
Curator's Pick
Trending Quizzes
Colored Red Europe Blitz I
Colored Red Africa Blitz II
Colored Red Europe Blitz II
Colored Red Europe Blitz III
Colored Red Africa Blitz III
Recently Updated
How Do You Spell That?
pecheneg
Godzilla Movies
pecheneg
Grab Bag: 4-10 Letters
pecheneg
2024 March Madness Bracket
pecheneg
Famous TV Couples
Peacemaker
Champions League XIs: Real Madrid
pecheneg
Largest US Cities 1790-2010
pecheneg
Rides in Walt Disney World
pecheneg
Most Oscar Losses (Acting)
pecheneg
Beyoncé Albums
pecheneg
Trending Topics
Kpop
NBA
Crossword
Marvel
Harry Potter
Disney
Anime
Song
Puzzle
The Office
Pokémon
NFL
WWE
Country
Soccer
Your Account Isn't Verified!
In order to create a playlist on Sporcle, you need to verify the email address you used during registration. Go to your
Sporcle Settings
to finish the process.
Report this User
Report this user for behavior that violates our
Community Guidelines
.
Details:
Send Report
Go to the Sporcle.com Mobile Site →
Comments